[Event "CRO-chT (Women) 31st"]
[Site "Veli Losinj"]
[Date "2023.10.12"]
[Round "3.3"]
[White "Bogdanic, Katarina"]
[Black "Knezevic, Zeljka"]
[Result "1/2-1/2"]
[WhiteElo "1967"]
[BlackElo "2073"]
[PlyCount "54"]
[EventDate "2023.10.11"]
[EventType "team-tourn"]
[EventRounds "9"]
[EventCountry "CRO"]
[SourceTitle "Mega2024 Update 01"]
[Source "Chessbase"]
[SourceDate "2023.11.12"]
[SourceVersion "1"]
[SourceVersionDate "2023.11.12"]
[SourceQuality "1"]
[WhiteTeam "Rijeka Draga (W)"]
[BlackTeam "Sisak (W)"]
[WhiteTeamCountry "CRO"]
[BlackTeamCountry "CRO"]

1. c4 Nf6 2. Nf3 g6 3. g3 Bg7 4. Bg2 d6 5. Nc3 e5 6. d3 Nc6 7. 0-0 0-0 8. Rb1 Rb8 9. b4 Bg4 10. b5 Nd4 11. Be3 Bxf3 12. exf3 Nh5 13. Nd5 f5 14. f4 exf4 15. Nxf4 Nxf4 16. Bxf4 Re8 17. Re1 Rxe1+ 18. Qxe1 Qe8 19. Be3 Nc2 20. Qd2 Nxe3 21. Qxe3 Qxe3 22. fxe3 Bh6 23. Kf2 Re8 24. Re1 b6 25. Bd5+ Kf8 26. Kf3 Re7 27. Re2 Bg5 1/2-1/2